Cartas de amor a Mina Loy /

Guardado en:
Bibliografiske detaljer
Hovedforfatter: Cravan, Arthur
Format: Bog
Sprog:spansk
Udgivet: Cáceres, España : Periférica, 2012, c2012
Fag:
Tags: Tilføj Tag
Ingen Tags, Vær først til at tagge denne postø!

MARC

LEADER 00000nam^a2200000^a^4500
001 000562241
005 20250521000000.0
009 20260310131941.064
020 |a 978-84-92865-52-9 
037 |a Acervo ITESO - Biblioteca 
041 |a ESP 
082 |a 846.  |b CRA 
100 |a Cravan, Arthur 
245 1 0 |a Cartas de amor a Mina Loy /  |c A. Cravan ; tr. por Manuel Arranz. 
264 4 |a Cáceres, España :  |b Periférica,  |c 2012, c2012 
300 |a 71 p. 
336 |a texto  |b txt  |2 rdacontenido 
337 |a sin mediación  |b n  |2 rdamedio 
338 |a volumen  |b nc  |2 rdasoporte 
545 0 |a Fabien Avenarius Lloyd (1887-1918) utilizó el pseudónimo de Arthur Craven; con una vida bohemia y propensa al escándalo y el alboroto, se dedicó al boxeo y a la literatura en París, Barcelona y Nueva York. Antecedente del movimiento dadá, más por su actitud vital que por su escasa obra literaria: en ella se encuentran provocaciones de todo tipo, dio a conocer excéntricas obras de arte y estableció que consideraba el arte un medio y no un fin. Declaró un gran desdén por las instituciones, por lo que él mismo vendió por las calles de París la singular revista Maintenant. Sobrino de Oscar Wilde, manifestó gran amor por su tío y aprovechó su prestigio para darse a conocer. 
649 |a XX 
650 |a Escritores Suizos 
650 |a Mujeres Norteamericanas 
650 |a Artistas Norteamericanos 
650 |a Cartas Suizas 
650 |a Literatura en Francés -  |z Suiza 
650 |a Literatura Suiza -  |y Siglo XX 
650 |a Cravan, Arthur -  |x Tema Principal 
650 |a Loy, Mina -  |x Tema Principal 
910 |a Fondo Castillo-Martínez 
920 |a Impresos - Libros 
930 |a Fondos Especiales 
940 |a Literatura 
905 |a 127 
901 |a 0500348179  |b IT2  |c ESP  |i D123837  |u 20250521 
902 |a https://opac.biblio.iteso.mx/vufind/Record/000562241